Click the Nirvana Song Title Ending - Statistics

General Stats
  • This quiz has been taken 4,651 times
  • The average score is 17 of 22
Answer Stats
Hint Answer % Correct
Smells Like Teen Spirit
98%
Come as You Are
97%
Where Did You Sleep Last Night
94%
About a Girl
93%
Heart-Shaped Box
92%
The Man Who Sold the World
89%
Stay Away
88%
Something in the Way
87%
Rape Me
85%
You Know You're Right
84%
All Apologies
82%
In Bloom
81%
Serve the Servants
77%
Mr. Moustache
71%
Territorial Pissings
70%
On a Plain
64%
Pennyroyal Tea
64%
Drain You
63%
Scentless Apprentice
56%
Negative Creep
53%
Been a Son
51%
Jesus Doesn't Want Me for a Sunbeam
51%
No matching quizzes found
Score Distribution
Percent of People with Each Score
Percentile by Number Answered
Your Score History
You have not taken this quiz